| 000 | 00613nam a2200169 i 4500 | ||
|---|---|---|---|
| 001 | 29949 | ||
| 003 | ES-MaACL | ||
| 005 | 20230906154120.0 | ||
| 007 | t| | ||
| 008 | 030123q1891 gt ||||1| spa d | ||
| 100 | 1 |
_aAragón D., Fernando. _922185 |
|
| 245 | 1 | 0 |
_aPrescripción, términos judiciales, etc. _b: tabla formulada en orden alfabético y con presencia de las leyes vigentes en la República / _cpor el licenciado Fernando Aragón D. |
| 260 |
_aGuatemala : _b[s.n., _c1891?] ( _fTip. "La Unión") |
||
| 300 |
_a85 p. ; _c21 cm. |
||
| 650 | 4 |
_aDerecho- _zGuatemala. _9173734 |
|
| 852 |
_aES-MaACL _jT-981-F-2 |
||
| 999 |
_c29949 _d29949 |
||